Normal view MARC view
  • McCRACKEN, SHEELAGH

Entry Personal Name

Number of records used in: 1

001 - CONTROL NUMBER

  • control field: 6556

003 - CONTROL NUMBER IDENTIFIER

  • control field: OSt

005 - DATE AND TIME OF LATEST TRANSACTION

  • control field: 20210823123630.0

008 - FIXED-LENGTH DATA ELEMENTS

  • fixed length control field: 210823|| aca||aabn | a|a d

040 ## - CATALOGING SOURCE

  • Original cataloging agency: OSt
  • Transcribing agency: OSt

100 ## - HEADING--PERSONAL NAME

  • Personal name: McCRACKEN, SHEELAGH

670 ## - SOURCE DATA FOUND

  • Source citation: Work cat.: (OSt): McCRACKEN, SHEELAGH, THE BANKERS REMEDY OF SET- OFF, 2010